Transfery Zagłębia L w letnim okienku transferowym 2020/21. - Statystyki

Ogólne statystyki
  • Ten quiz został rozwiązany 9 razy
  • Średni wynik to 4 z 11
Statystyki odpowiedzi
Cena Pozycja Poprzedni klub Piłkarz % Poprawnych
250 tys. Środkowy obrońca Sampdoria Simic
78%
Za darmo Prawy obrońca Jagiellonia Białystok Wójcicki
78%
Za darmo Defensywny pomocnik Korona Kielce Żubrowski
78%
Wypożyczenie Środkowy napastnik Empoli Mraz
67%
Wypożyczenie Lewy napastnik Slovan Bratislava Drazic
56%
Wypożyczenie Prawy napastnik St. Pauli Bednarczyk
33%
5 tys. Lewy obrońca Ruch Chorzów Bartolewski
22%
Za darmo Defensywny pomocnik Legia II Warszawa Łakomy
11%
350 tys. Lewy napastnik ŁKS Łódź Ratajczyk
11%
Wypożyczenie Środkowy obrońca Midtjylland Reese
11%
Za darmo Bramkarz Ascoli U19 Bielików
0%
Nie znaleziono quizów pasujących do podanych kryteriów
Rozkład punktacji
Procent ludzi z każdym wynikiem
Percentyl według liczby udzielonych odpowiedzi
Twoja historia wyników
Nie rozwiązałeś tego quizu